แสดงรายละเอียดบรรณานุกรม
  กลับหน้าหลัก

Brief Record : Get Marc (ISO 2709) : E-mail record : QR code ปิดหน้าต่าง
LEADER 00000nam 2200000uu 4500
001    210018
003     ULIBM
008    140708s2555||||th 000 0 tha d
041 0  ^atha^beng
090    ^aวพ WG340 จ498ผ 2555
100 0  ^aจิรภา พิจารณ์จันทร์
245 10 ^aรายงานวิทยานิพนธ์เรื่อง ผลของโปรแกรมส่งเสริมสุขภาพต่อพฤติกรรมการบริโภคอาหารและคุณภาพชีวิตของผู้ป่วยความดันโลหิตสูง โรงพยาบาลเพ็ญ อำเภอเพ็ญ จังหวัดอุดรธานี /^cจิรภา พิจารณ์จันทร์
246 00 ^aThe effect of the health promotion program on eatingbehavior and quality of life for hypertension patients at Phen Hospital, Amphur Phen, Udorn Thani Province
260    ^aขอนแก่น : ^bมหาวิทยาลัยขอนแก่น,^c2555.
300    ^a150 แผ่น ;^bภาพประกอบ
502    ^aวิทยานิพนธ์ (พย.ม.)--สาขาวิชาการพยาบาลผู้ใหญ่ บัณฑิตวิทยาลัย มหาวิทยาลัยขอนแก่น, 2555
650  4 ^aความดันเลือดสูง^xผู้ป่วย^zไทย^zอุดรธานี
650  4 ^aความดันเลือดสูง^xผู้ป่วย^xการดูแล
650  0 ^aวิทยานิพนธ์
710 2  ^aมหาวิทยาลัยขอนแก่น. บัณฑิตวิทยาลัย สาขาวิชาการพยาบาลผู้ใหญ่
999    ^aใช้งานได้ทุกระบบ
รายการนี้ยังไม่มีแท็ก
คุณยังไม่ได้ล็อกอิน คุณสามารถมีกิจกรรมร่วมกับเว็บไซต์ได้ แต่ต้องล็อกอินก่อน ::
  ล็อกอิน
ลำดับที่ ประเภท เลขเรียก สถานที่ สถานะ
1. วิทยานิพนธ์
วิทยานิพนธ์
วพ WG340 จ498ผ 2555  
  
ชั้นหนังสือวิทยานิพนธ์ On Shelf
  ขอยืม
   [แสดง 1/1 รายการ]

รายการใกล้เคียง
    หัวเรื่อง [ความดันเลือดสูง ผู้ป่วย การดูแล]
    หัวเรื่อง [วิทยานิพนธ์]

BibComment


ยังไม่เคยถูกคอมเมนท์

คอมเมนท์ทรัพยากรรายการนี้
  คอมเมนท์: รายงานวิทยานิพนธ..
Bib 210018

 
 
 

 Union Library Management : ULibM
Copyright 2026. All Rights Reserved.
скачать бесплатно без регистрации порно красивый секс HD Sex Hindi sex

xxx gou

xxxx

bfxxx

xxxwww

Секса Видео

xxxx

Секса Видео

detube

geilexxx

C99 Shell

worms shell

blod xxx video
Ebony Coed Rihanna Rimes Takes A Dick In Her Young Twat priyaa indian fuck anal and pusssy hardcore indian women xxx desi hardcore fucking part 1 bengalixxxcouple